000 01532nam a2200457 i 4500
001 55408
003 KOSZ 005
005 20260417063320.0
008 080715s2008 pl a f f |001 0 pol
015 _aPB 18592/2008
020 _a9788324606894
040 _cWA N
_aWA N
_dKOSZ 005/HR
041 1 _apol
_heng
044 _aPOL
080 _a004.434
080 _a004.774
080 _a004.42
080 _a(07)
100 1 _aWalther, Stephen
_eAutor
245 1 0 _aASP.NET 2.0 :
_bkompletny przewodnik po technologii ASP.NET 2.0 /
_cStephen Walther ; [tł. Robert Górczyński].
246 1 _iTyt. oryg.:
_aASP.NET 2.0 unleashed,
_f2006
260 _aGliwice :
_bWydawnictwo Helion,
_ccop. 2008.
300 _a1016, [7] s. :
_bil. ;
_c25 cm +
_edysk optyczny (CD).
336 _2rdacontent
_aTekst
_btxt
337 _2rdamedia
_aBez urządzenia pośredniczącego
_bn
338 _2rdacarrier
_aWolumin
_bnc
380 _aKsiążki
380 _aPublikacje fachowe
388 _a2001-
490 1 _aKsięga Eksperta
500 _aTyt. oryg.:"ASP.NET 2.0 unleashed" 2006.
504 _aIndeks.
650 7 _aASP.NET (platforma programistyczna)
655 7 _aPodręcznik
658 _aInformatyka i technologie informacyjne
710 2 _aHelion
_4pbl
700 1 _aGórczyński, Robert
_eTłumaczenie
830 _aKsięga Eksperta
856 _uhttp://koha.tu.koszalin.pl/cgi-bin/koha/opac-detail.pl?biblionumber=55408
_yKatalog online BPK
942 _cKS
_2UKD
999 _c55408
_d55408